Multi-terminal direct-current grids : modeling, analysis, and control /

"Presents a comprehensive modeling framework for MTDC grids which is compatible with the standard AC system modeling for stability studies"--

Λεπτομέρειες βιβλιογραφικής εγγραφής
Κύριος συγγραφέας: Chaudhuri, Nilanjan Ray, 1981-
Άλλοι συγγραφείς: Chaudhuri, Balarko, 1977-, Majumder, Rajat, 1977-, Yazdani, Amirnaser, 1972-
Μορφή: Ηλ. βιβλίο
Γλώσσα:English
Έκδοση: Hoboken, New Jersey : IEEE / Wiley & Sons, Inc., 2014.
Θέματα:
Διαθέσιμο Online:Full Text via HEAL-Link
LEADER 02550nam a2200625 4500
001 ocn881498630
003 OCoLC
005 20170124070625.4
006 m o d
007 cr |||||||||||
008 140617s2014 nju ob 001 0 eng
010 |a  2014023946 
040 |a DLC  |b eng  |e rda  |e pn  |c DLC  |d YDX  |d OCLCF  |d N$T  |d EBLCP  |d E7B  |d YDXCP  |d CDX  |d DG1  |d UBY  |d DEBSZ  |d OCLCO  |d COO  |d OCLCQ  |d DEBBG  |d OCLCQ  |d GrThAP 
020 |a 9781118960530  |q (ePub) 
020 |a 111896053X  |q (ePub) 
020 |a 9781118729342  |q (Adobe PDF) 
020 |a 111872934X  |q (Adobe PDF) 
020 |a 9781118960486 
020 |a 1118960483 
020 |a 1118729102  |q (hardback) 
020 |a 9781118729106  |q (hardback) 
020 |z 9781118729106  |q (hardback) 
029 1 |a AU@  |b 000053548475 
029 1 |a CHBIS  |b 010441682 
029 1 |a CHVBK  |b 334084091 
029 1 |a DEBSZ  |b 431768544 
029 1 |a NZ1  |b 15910042 
029 1 |a DEBBG  |b BV043396923 
035 |a (OCoLC)881498630 
042 |a pcc 
050 0 0 |a TK3111 
072 7 |a TEC  |x 009070  |2 bisacsh 
082 0 0 |a 621.31/2  |2 23 
084 |a TEC031000  |2 bisacsh 
049 |a MAIN 
100 1 |a Chaudhuri, Nilanjan Ray,  |d 1981- 
245 1 0 |a Multi-terminal direct-current grids :  |b modeling, analysis, and control /  |c Nilanjan Ray Chaudhuri, Balarko Chaudhuri, Rajat Majumder, Amirnaser Yazdani. 
264 1 |a Hoboken, New Jersey :  |b IEEE / Wiley & Sons, Inc.,  |c 2014. 
300 |a 1 online resource. 
336 |a text  |b txt  |2 rdacontent 
337 |a computer  |b n  |2 rdamedia 
338 |a online resource  |b nc  |2 rdacarrier 
520 |a "Presents a comprehensive modeling framework for MTDC grids which is compatible with the standard AC system modeling for stability studies"--  |c Provided by publisher. 
504 |a Includes bibliographical references and index. 
588 0 |a Print version record and CIP data provided by publisher. 
650 0 |a Electric power distribution  |x Direct current. 
650 7 |a TECHNOLOGY & ENGINEERING  |x Power Resources  |x General.  |2 bisacsh 
650 7 |a Electric power distribution  |x Direct current.  |2 fast  |0 (OCoLC)fst00905432 
655 4 |a Electronic books. 
700 1 |a Chaudhuri, Balarko,  |d 1977- 
700 1 |a Majumder, Rajat,  |d 1977- 
700 1 |a Yazdani, Amirnaser,  |d 1972- 
776 0 8 |i Print version:  |a Chaudhuri, Nilanjan Ray, 1981-  |t Multi-terminal direct-current grids.  |d Hoboken, New Jersey : John Wiley & Sons, Inc., 2014  |z 9781118729106  |w (DLC) 2014017303 
856 4 0 |u https://doi.org/10.1002/9781118960486  |z Full Text via HEAL-Link 
994 |a 92  |b DG1